| 000 | 00748cam a22002654a 4500 | ||
|---|---|---|---|
| 008 | |||
| 020 | _a1861970730 (pbk.) | ||
| 050 | 0 | 0 |
_aREF HB61 _bBAN |
| 100 | 1 | _aBannock, Graham. | |
| 245 | 1 | 0 |
_aDictionary of economics / _cGraham Bannock, R.E. Baxter, and Evan Davis. |
| 250 | _a4th ed. | ||
| 260 |
_aPrinceton, N.J. : _bBloomberg Press, _cc2003. |
||
| 300 |
_av, 410 p. : _bill. ; _c23 cm. |
||
| 440 | 4 | _aThe Economist series | |
| 500 | _a"The Economist." | ||
| 650 | 0 |
_aEconomics _vDictionaries. |
|
| 700 | 1 | _aBaxter, R.E. | |
| 700 | 1 | _aDavis, Evan. | |
| 907 |
_a.b10197291 _b17-09-12 _c30-03-06 |
||
| 003 | |||
| 005 | 20230120191419.0 | ||
| 040 | _cNUST | ||
| 049 | _aMAIN | ||
| 942 | _cBOOKS | ||
| 999 |
_c100707 _d100707 |
||